Welcome to the Holygrace Academy Library

Please use search bar below to get started

ADVANCED ILLUSTRATED DICTIONARY (Record no. 2047)

MARC details
000 -LEADER
fixed length control field 00321nam a22001337a 4500
020 ## - INTERNATIONAL STANDARD BOOK NUMBER
ISBN 978-0-00-734115-3
082 ## - DEWEY DECIMAL CLASSIFICATION NUMBER
Classification number 030
Item number COL/A
100 ## - MAIN ENTRY--AUTHOR NAME
Personal name COLLINS
245 ## - TITLE STATEMENT
Title ADVANCED ILLUSTRATED DICTIONARY
260 ## - PUBLICATION, DISTRIBUTION, ETC. (IMPRINT)
Place of publication GREAT BRITAIN
Name of publisher HARPER COLLINS
Year of publication 2010
300 ## - PHYSICAL DESCRIPTION
Number of Pages 1891
650 ## - SUBJECT ADDED ENTRY--TOPICAL TERM
Topical Term DICTIONARY
Geographic subdivision UNITED KINGDOM
942 ## - ADDED ENTRY ELEMENTS (KOHA)
Koha item type Books
Holdings
Withdrawn status Lost status Collection code Home library Current library Shelving location Date acquired Source of acquisition Full call number Accession Number Koha item type
    Reference Main Library Main Library SHELF 1 F -DICTIONARY,THEASAURUS 04/09/2012 purchase 030 COL/A 06115 Books